000 00812nam a2200289Ia 4500
001 Para_6076
003 CHAP
008 220125s1986 xx 000 0 und d
010 _a204856
040 _cCHAP
082 _aPA 581.2 L46
100 _aLeonard, Kurt J.
_966060
245 _aPlant disease epidemiology /
_c by Kurt J. Leonard, William E. Fry
260 _aNew York :
_b MacMillan Publishing Company
300 _av.
500 _aContenido: v.1 Population dynamics and management
650 _aFitopatología
_941161
700 _aFry, William E.
_943776
700 _aLeonard, Kurl L.
_9170795
901 _aPA 581.2 L46
902 _aA
905 _a0000001986 0000000000 00
910 _a1986
942 _cPARA
942 _cPARA
_d1
999 _c204856
_d204856